| 000 | 00393nab a22001097u 4500 | ||
|---|---|---|---|
| 008 | 130520b2010 xxu||||| |||| 00| 0 spa d | ||
| 041 | _aspa | ||
| 100 | 1 |
_aThiel, Marie-Jo _911632 |
|
| 245 | 0 | 0 |
_aLos abusos sexuales de menores: una "disfunción" que afecta a la Iglesia católica en su corazón _cMarie-Jo Thiel |
| 773 | 0 |
_tConcilium _gnº338,2010,págs. 149-156 _x0210-1041 _wRev134 |
|
| 942 | _cAR | ||
| 999 |
_c414819 _d414819 |
||